Southville International School and Colleges
Your cart is empty.
  • Cart
  • Lists
    Public lists list_1 View all
    Your lists Log in to create your own lists
  • Log in to your account
  • Your cookies
  • Search history
Southville International School and Colleges
  • Advanced search
  • Recent comments
  • Most popular
  • Libraries

Log in to your account

Log in with GOOGLE


If you do not have an external account, but do have a local account, you can still log in:

  1. Home
  2. MARC view: Quidditch through ages /
Normal view MARC view ISBD view

Quidditch through ages / (Record no. 344068)

[ view plain ]
MARC details
000 -LEADER
fixed length control field 00467nam a2200193Ia 4500
008 - FIXED-LENGTH DATA ELEMENTS--GENERAL INFORMATION
fixed length control field 170918s9999 xx 000 0 und d
020 ## - INTERNATIONAL STANDARD BOOK NUMBER
International Standard Book Number 9780545850582
050 ## - LIBRARY OF CONGRESS CALL NUMBER
Item number R884qu 2001
100 ## - MAIN ENTRY--PERSONAL NAME
Personal name Rowling, J.K.
245 ## - TITLE STATEMENT
Title Quidditch through ages /
245 ## - TITLE STATEMENT
Statement of responsibility, etc by J.K. Rowling.
260 ## - PUBLICATION, DISTRIBUTION, ETC. (IMPRINT)
Place of publication, distribution, etc USA :
260 ## - PUBLICATION, DISTRIBUTION, ETC. (IMPRINT)
Name of publisher, distributor, etc Arthur A. Levine Books,
260 ## - PUBLICATION, DISTRIBUTION, ETC. (IMPRINT)
Date of publication, distribution, etc 2001
300 ## - PHYSICAL DESCRIPTION
Extent 105 pages :
300 ## - PHYSICAL DESCRIPTION
Other physical details illustrations ;
300 ## - PHYSICAL DESCRIPTION
Dimensions 20cm.
300 ## - PHYSICAL DESCRIPTION
Accompanying material Harry Potter.
Holdings
Withdrawn status Lost status Damaged status Home library Current library Date acquired Total Checkouts Full call number Barcode Date last seen Price effective from Koha item type
      Stonyhurst Southville International School (Malarayat) Stonyhurst Southville International School (Malarayat) 09/18/2017   FIC R884qu 2001 SSISM3140 09/18/2017 09/18/2017 Books

Quidditch through ages /

APA

Rowling J., .Quidditch through ages. USA: .

Chicago

Rowling J.K, .Quidditch through ages. USA: .

Harvard

Rowling J., .Quidditch through ages. USA: .

MLA

Rowling J.K, .USA: . .

  • Place hold
  • Print
  • Cite
  • Add to your cart (remove)
  • Save record
    BIBTEX Dublin Core MARCXML MARC (non-Unicode/MARC-8) MARC (Unicode/UTF-8) MARC (Unicode/UTF-8, Standard) MODS (XML) RIS
  • More searches
    Search for this title in:
    Other Libraries (WorldCat) Other Databases (Google Scholar) Online Stores (Bookfinder.com) Open Library (openlibrary.org)

Exporting to Dublin Core...

SOUTHVILLE LIBRARY

Southville International School and Colleges Library

1281 Tropical Ave. Cor. Luxembourg St., BF Homes International, Las Pinas City

Tel. No. 8256374 / 252358 Loc. 117/146

Powered by Koha